|
|
|
|
| LEADER |
01041nam a22002417a 4500 |
| 001 |
37935 |
| 003 |
BD-DhAAL |
| 008 |
220309t1995 ii ||||| |||| 00| 0 ben d |
| 999 |
|
|
|c 43716
|d 43716
|
| 020 |
|
|
|a 8170792630
|
| 040 |
|
|
|a BD-DhAAL
|
| 041 |
|
|
|a ben
|
| 082 |
|
|
|a 891.444
|2 23
|
| 245 |
|
|
|a সুধীন্দ্রনাথ দত্তের প্রবন্ধসংগ্রহ /
|c অমিয় দেব সম্পাদিত
|
| 246 |
|
|
|a Sudhindranath Dutter prabandha sangraha
|
| 260 |
|
|
|a কলিকাতা :
|b দে'জ পাবলিশিং,
|c ১৯৯৫.
|
| 300 |
|
|
|a ৪৫৮ পৃষ্ঠা ;
|c ২২ সে.মি.
|
| 541 |
|
|
|a Donated By Akbar Ali Khan
|e 37935
|
| 650 |
|
|
|a Bengali essays.
|9 46658
|
| 700 |
|
|
|a দেব, অমিয়
|9 46659
|
| 852 |
|
|
|a Ayesha Abed Library
|c Akbar Ali Khan Collection
|
| 942 |
|
|
|2 ddc
|c BK
|
| 952 |
|
|
|0 0
|1 0
|2 ddc
|4 0
|6 891_444000000000000_SUD
|7 1
|9 70060
|a BRACUL
|b BRACUL
|c AAKC
|d 2022-03-09
|e Donated by Akbar Ali Khan
|l 0
|o 891.444 SUD
|p 3010037935
|r 2022-03-09
|t 1
|w 2022-03-09
|y BK
|